Statistiques concernant Paroles PLK Chandon et Moët ft. Heuss l'enfoiré

Cliquez ici pour prendre le quiz!

Statistiques générales

  • Ce quiz a été pris 77 fois
    (33 depuis la dernière actualisation)
  • Le résultat moyen est 202 sur 335

Statistiques - réponses

Réponse% Correct
À
100%
M'a
100%
De
96%
Ou
96%
Sax
96%
Un
96%
Chandon
92%
Cité
92%
Du
92%
Elle
92%
Là ?
92%
92%
La
92%
Le
92%
Moët,
92%
PLK,
92%
PLK
92%
Des
88%
En
88%
Et
88%
Juste
88%
Moi
88%
On
88%
Saxo
88%
Jsuis
83%
J'suis
83%
Les
83%
Personne
83%
Pour
83%
Qui
83%
Tous
83%
Bouteille
79%
Chante
79%
Dans
79%
Dit
79%
Il
79%
Jours
79%
J'veux
79%
M'arrête,
79%
Me
79%
Ouais:
79%
Ouais
79%
Ouais,
79%
Pourtant
79%
Tout,
79%
Tout
79%
Une
79%
Walid
79%
Y'a
79%
Bédo
75%
Genre
75%
J'ai
75%
Jimmy
75%
M'appelle
75%
Pas?
75%
Pas ?
75%
Pas
75%
Pas,
75%
Sur
75%
Toute
75%
Tu
75%
Allumé
71%
C'est
71%
Chansons
71%
Douces
71%
Je
71%
L'After,
71%
Mort
71%
Recherche
71%
Recherche,
71%
Au
67%
Ça
67%
Espèces
67%
Espèces,
67%
Fait
67%
Fiche
67%
Greg's
67%
Lourd
67%
Après
63%
Mais
63%
Parti
63%
Poto,
63%
Poto
63%
Allô,
58%
Boul
58%
Chaud
58%
Coussin,
58%
Doucement
58%
Khabat
58%
Plaquette
58%
Sors
58%
Cherchais
54%
Frère,
54%
Seille-o,
54%
Tel-hô
54%
Comme
50%
Deux
50%
D'la
50%
Fais
50%
Férié
50%
Hey Ho,
50%
Hey ho,
50%
Poussin,
50%
T'es
50%
Toussaint,
50%
Demain
46%
Ceux
42%
Heuss
42%
Plus
42%
J'la
38%
Que
38%
Attends
33%
Celles,
33%
Champagne
33%
D'soucis
33%
Hauts
33%
Heures
33%
L'show
33%
Pote
33%
Seine
33%
Seychelles
33%
Toutes
33%
12
29%
Baveux
29%
Casse
29%
Coupe
29%
Est
29%
Mousseux,
29%
Sauter
29%
Vas-y
29%
Amendes
25%
Bescherelle
25%
Faut
25%
Fumégué
25%
Jamais
25%
Jfais
25%
J'fais
25%
L'enfoiré
25%
Masse,
25%
Masse:
25%
Showcase
25%
Vaisselle
25%
Vale-ca
25%
Ajoutez
21%
Alors
21%
Autre
21%
Bébé
21%
D'aveux
21%
Jmarretepasaubarrage95
21%
Miels
21%
Trois
21%
Uer-t,
21%
Vend
21%
Aisselles
17%
Contrôle
17%
D'amour
17%
D'menek
17%
Grammes,
17%
J'tai
17%
L'argent
17%
Mes
17%
Plaît
17%
Sous
17%
Squé-ma
17%
S'te
17%
T'as
17%
Vide
17%
Arrête
13%
Avec
13%
Bastos
13%
Boutique
13%
Kiffé
13%
Pile
13%
Quand
13%
Rrain-té
13%
Vaisseau
13%
Vessie
13%
Veut
13%
VTC
13%
Aussi
8%
Aussi,
8%
Bullterrierdanslecalecon92
8%
Dessus
8%
J'gère
8%
M'arrache
8%
Parce-que
8%
Pesos
8%
Trop
8%
Fonsdés,
4%
GSO
4%
J'saute
4%
Keufs
4%
Ter-sau
4%
Vil-ci
4%

Distribution des résultats

Percentile par nombre de réponses

% des personnes avec chaque résultat

Votre développement - résultats

Vous n’avez pas pris ce quiz depuis la dernière actualisation